<?xml version="1.0" encoding="UTF-8"?>
<record
    xmlns:xsi="http://www.w3.org/2001/XMLSchema-instance"
    xsi:schemaLocation="http://www.loc.gov/MARC21/slim http://www.loc.gov/standards/marcxml/schema/MARC21slim.xsd"
    xmlns="http://www.loc.gov/MARC21/slim">

  <leader>00705nam a2200205 a 4500</leader>
  <controlfield tag="001">27695</controlfield>
  <controlfield tag="003">BD-RjUL</controlfield>
  <controlfield tag="005">20211209051205.0</controlfield>
  <controlfield tag="008">181021s1893    ii            00| 0 eng d</controlfield>
  <datafield tag="035" ind1=" " ind2=" ">
    <subfield code="a">(BD-RjUL)27774</subfield>
  </datafield>
  <datafield tag="040" ind1=" " ind2=" ">
    <subfield code="a">EQO</subfield>
    <subfield code="c">EQO</subfield>
    <subfield code="b">eng</subfield>
    <subfield code="d">BD-RjUL</subfield>
  </datafield>
  <datafield tag="041" ind1=" " ind2=" ">
    <subfield code="a">eng</subfield>
  </datafield>
  <datafield tag="082" ind1=" " ind2=" ">
    <subfield code="a">297</subfield>
    <subfield code="b">MOT 1893</subfield>
    <subfield code="2">23</subfield>
  </datafield>
  <datafield tag="100" ind1="1" ind2=" ">
    <subfield code="a">Mohammad, Gholam</subfield>
    <subfield code="9">223972</subfield>
  </datafield>
  <datafield tag="245" ind1="1" ind2="0">
    <subfield code="a">Touchstone of philosophers, or, A present to the delegates of different creeds at the Grand International Exhibition of Chicago /</subfield>
    <subfield code="c">by  Gholam Mohammad , son of  Haji Hafiz Sadek Randeri.</subfield>
  </datafield>
  <datafield tag="260" ind1=" " ind2=" ">
    <subfield code="a">Punjab : </subfield>
    <subfield code="b">The Mohameddan tract and Book Depot,</subfield>
    <subfield code="c">1983</subfield>
  </datafield>
  <datafield tag="300" ind1=" " ind2=" ">
    <subfield code="a">[2], 53 p. ;</subfield>
    <subfield code="c">22 cm.</subfield>
  </datafield>
  <datafield tag="650" ind1=" " ind2=" ">
    <subfield code="a">Islam</subfield>
    <subfield code="9">223974</subfield>
  </datafield>
  <datafield tag="942" ind1=" " ind2=" ">
    <subfield code="2">ddc</subfield>
    <subfield code="c">RAR</subfield>
  </datafield>
  <datafield tag="999" ind1=" " ind2=" ">
    <subfield code="c">27695</subfield>
    <subfield code="d">27695</subfield>
  </datafield>
  <datafield tag="952" ind1=" " ind2=" ">
    <subfield code="0">0</subfield>
    <subfield code="1">0</subfield>
    <subfield code="2">ddc</subfield>
    <subfield code="4">0</subfield>
    <subfield code="7">1</subfield>
    <subfield code="8">RARE</subfield>
    <subfield code="a">RUCL</subfield>
    <subfield code="b">RUCL</subfield>
    <subfield code="c">Rare</subfield>
    <subfield code="d">1963-01-21</subfield>
    <subfield code="e">G. M. Hilali</subfield>
    <subfield code="l">0</subfield>
    <subfield code="o">RA 297 MOT 1893</subfield>
    <subfield code="r">2018-10-21 00:00:00</subfield>
    <subfield code="t">C-1</subfield>
    <subfield code="w">2021-12-09</subfield>
    <subfield code="y">RAR</subfield>
  </datafield>
</record>
